Význam kalcia a vitamínu D v prevencii a liečbe osteoporózy

Bibliographic Details
Main Author: Wendl, Juraj (Author)
Format: Article
Language:Slovak
PhysicalDescription:Tab. 1
Subjects:

MARC

LEADER 00000nab a2200000 a 4500
001 vtls000646179
003 SK-MaSNL
005 20260305035441.0
008 140302c1997 xo 0 slo
015 |a SNBRB19rr/mm-uuuuu 
035 |a CL0646318 
040 |a SNKBUCL  |b slo  |c SNKBUCL  |e AACR2 
041 0 |a slo 
044 |a xo  |c SK 
080 |a 616.71-007.233:577.161.2  |2 1981 
080 |a 577.161.2  |2 1981 
100 1 |a Wendl, Juraj  |4 aut  |9 540446 
245 1 0 |a Význam kalcia a vitamínu D v prevencii a liečbe osteoporózy  |c Juraj Wendl 
300 |b Tab. 1 
650 0 7 |a osteoporóza  |2 snkbucl  |9 953 
650 0 7 |a vápnik  |2 snkbucl  |9 16292 
650 0 7 |a vitamín D  |2 snkbucl  |9 50549 
655 7 |a články z novín a časopisov  |2 snkbucl  |9 267496 
773 0 |t Zdravotnícke noviny  |g Roč. 2, č. 43 (1997), s. 6 
850 |a Slovenská národná knižnica v Martine  |a MTA001 
852 |a SNK  |b KIS3GCP 
958 |a RK 
992 |a RBX 
999 |c 3333893  |d 3335823